[Event "ODJM B 2022"]
[Site "Willingen GER"]
[Date "2022.06.05"]
[Round "1"]
[White "Bakó, Evelin"]
[Black "Mehner, Lorenz"]
[Result "1/2-1/2"]
[Termination "normal"]
[Board "25"]
[WhiteElo "1214"]
[BlackElo "1609"]
[PlyCount "282"]
[WhiteFideId "16271823"]
[BlackFideId "16293096"]
[EventCountry "GER"]
[EventRounds "9"]
[EventType "swiss"]
[EventDate "2022.06.04"]

1. e4 c5 2. Nf3 d6 3. d4 cxd4 4. Nxd4 Nf6 5. Nc3 g6 6. Be3 Bg7 7. f3 O-O 8. Qd2
Nc6 9. g4 Be6 10. h4 Ne5 11. Be2 Bc4 12. h5 Bxe2 13. Qxe2 Rc8 14. hxg6 hxg6 15.
Qh2 Qa5 16. Bd2 Qb6 17. Nd5 Rfe8 18. Nxb6 axb6 19. Bh6 Nexg4 20. fxg4 Nxg4 21.
Qd2 Nxh6 22. Rxh6 Bxh6 23. Qxh6 e5 24. Nf5 gxf5 25. exf5 Rxc2 26. f6 Rg2 27.
O-O-O Rg6 28. Qh4 Re6 29. Rh1 Kf8 30. Qc4 Rexf6 31. Qc8+ Ke7 32. Qxb7+ Ke6 33.
Qc8+ Ke7 34. Qc7+ Ke6 35. Qc8+ Ke7 36. b3 Rf2 37. Qc7+ Ke6 38. Rd1 Rgg2 39.
Rxd6+ Kf5 40. Qxf7+ Ke4 41. Qd5+ Kf5 42. Qf7+ Ke4 43. Qh7+ Kf4 44. Rf6+ Ke3 45.
Qh6+ Ke4 46. Qh4+ Ke3 47. Qh3+ Ke4 48. Qh7+ Ke3 49. Qh3+ Ke4 50. Rxf2 Rxf2 51.
Qh7+ Ke3 52. Qh6+ Kd3 53. Qg6+ e4 54. Qd6+ Kc3 55. Qg3+ Rf3 56. Qe1+ Kd4 57.
Qb4+ Ke5 58. Qb5+ Kf4 59. Qxb6 e3 60. Qf6+ Kg3 61. Qg5+ Kf2 62. Qh4+ Rg3 63.
Qh2+ Rg2 64. Qf4+ Ke2 65. Qc4+ Kf2 66. Qh4+ Kf1 67. Qf4+ Ke2 68. Qc4+ Kf2 69.
Qf4+ Ke2 70. a4 Rg1+ 71. Kc2 Rf1 72. Qc4+ Kf2 73. Qf4+ Ke2 74. Qg4+ Kf2 75. Kd3
Rb1 76. Qf4+ Kg2 77. Qxe3 Rxb3+ 78. Ke4 Rb4+ 79. Qd4 Rb8 80. Qg7+ Kh1 81. Qh6+
Kg1 82. Kd5 Ra8 83. Qg5+ Kf2 84. Qf4+ Ke2 85. Kc6 Kd3 86. Kb7 Ra5 87. Qb4 Rh5
88. Qb1+ Kc4 89. Qg6 Ra5 90. Qc6+ Kb4 91. Qe4+ Kb3 92. Qb1+ Kc4 93. Qc2+ Kb4
94. Qe4+ Kb3 95. Kb6 Rxa4 96. Qd3+ Kb4 97. Qb5+ Ka3 98. Kc5 Ra7 99. Qb4+ Ka2
100. Qb6 Ra4 101. Qb5 Ra7 102. Kc4 Rc7+ 103. Kd3 Rc1 104. Kd2 Rb1 105. Qa4+ Kb2
106. Qc2+ Ka1 107. Qa4+ Kb2 108. Kd3 Rc1 109. Qb4+ Ka2 110. Kd2 Rb1 111. Qa4+
Kb2 112. Qd4+ Kb3 113. Qb6+ Ka2 114. Qa5+ Kb3 115. Qb5+ Ka2 116. Qa4+ Kb2 117.
Kd3 Rc1 118. Qd4+ Kb3 119. Kd2 Rb1 120. Qc3+ Ka2 121. Qc4+ Kb2 122. Qd4+ Kb3
123. Qc5 Kb2 124. Ke3 Re1+ 125. Kf4 Rf1+ 126. Kg5 Rc1 127. Qb4+ Kc2 128. Kf4
Kd3 129. Qb3+ Kd2 130. Ke4 Rc3 131. Qd5+ Kc2 132. Qa2+ Kd1 133. Qb1+ Kd2 134.
Kd4 Rc2 135. Qb4+ Ke2 136. Ke4 Rd2 137. Kf4 Rd3 138. Qb1 Rd1 139. Qe4+ Kd2 140.
Qe3+ Kc2 141. Ke4 Rd2 1/2-1/2

[Event "ODJM B 2022"]
[Site "Willingen GER"]
[Date "2022.06.05"]
[Round "1"]
[White "Werner, Florin"]
[Black "Uhlmann, Jonas"]
[Result "1-0"]
[Termination "normal"]
[Board "26"]
[WhiteElo "1609"]
[BlackElo "1315"]
[PlyCount "77"]
[WhiteFideId "16250230"]
[BlackFideId "16258576"]
[EventCountry "GER"]
[EventRounds "9"]
[EventType "swiss"]
[EventDate "2022.06.04"]

1. e4 e5 2. Nf3 Nc6 3. Bb5 Nf6 4. d3 a6 5. Bxc6 dxc6 6. Nxe5 Bd6 7. Nf3 Bg4 8.
Nc3 O-O 9. O-O h6 10. Re1 Re8 11. h3 Bxf3 12. Qxf3 Qd7 13. Bf4 Be5 14. Rad1 c5
15. Bxe5 Rxe5 16. Qg3 Rg5 17. Qe3 Nh5 18. Ne2 Re8 19. f4 Rg6 20. Qf3 Nf6 21. f5
Rg5 22. Nf4 Qd4+ 23. Kf1 Qxb2 24. h4 Rg4 25. g3 c6 26. Nh5 Nxh5 27. Qxg4 Nf6
28. Qe2 Qd4 29. Kg2 Nd5 30. Qf2 Nc3 31. Rd2 Rd8 32. g4 Nxa2 33. g5 hxg5 34.
hxg5 Rd6 35. Rh1 Kf8 36. Rh8+ Ke7 37. Qh4 Kd7 38. g6 fxg6 39. Qd8# 1-0

[Event "ODJM B 2022"]
[Site "Willingen GER"]
[Date "2022.06.05"]
[Round "1"]
[White "Sari, Reber Furkan"]
[Black "Tornay, Aritz"]
[Result "0-1"]
[Termination "normal"]
[Board "27"]
[WhiteElo "1292"]
[BlackElo "1765"]
[PlyCount "64"]
[WhiteFideId "34623507"]
[BlackFideId "16205740"]
[EventCountry "GER"]
[EventRounds "9"]
[EventType "swiss"]
[EventDate "2022.06.04"]

1. d4 Nf6 2. c4 g6 3. Nc3 Bg7 4. e4 d6 5. Be2 O-O 6. Be3 e5 7. d5 Na6 8. h4 c6
9. g4 cxd5 10. cxd5 Bd7 11. g5 Ne8 12. h5 Qe7 13. Bg4 Nc5 14. Qd2 a6 15. Bxd7
Qxd7 16. hxg6 fxg6 17. f4 exf4 18. Bxc5 dxc5 19. Qh2 Bxc3+ 20. bxc3 f3 21. e5
f2+ 22. Kf1 fxg1=Q+ 23. Kxg1 Qg4+ 24. Qg2 Qxg2+ 25. Kxg2 Rf5 26. Rhe1 Nc7 27.
Rad1 Raf8 28. c4 Rxg5+ 29. Kh3 Rf3+ 30. Kh4 Rfg3 31. Re4 Rg2 32. e6 Rh5# 0-1

[Event "ODJM B 2022"]
[Site "Willingen GER"]
[Date "2022.06.06"]
[Round "3"]
[White "Götz, Timon"]
[Black "Werner, Florin"]
[Result "1-0"]
[Termination "normal"]
[Board "2"]
[WhiteElo "1558"]
[BlackElo "1609"]
[WhiteClock "00:24:24"]
[BlackClock "00:13:03"]
[PlyCount "53"]
[WhiteFideId "16245040"]
[BlackFideId "16250230"]
[EventCountry "GER"]
[EventRounds "9"]
[EventType "swiss"]
[EventDate "2022.06.04"]

1. c4 {[%clk 1:30:56]} c6 {[%clk 1:30:48]} 2. g3 {[%clk 1:30:32]} d5 {[%clk
1:31:09]} 3. Bg2 {[%clk 1:30:34]} Nf6 {[%clk 1:31:29]} 4. Nf3 {[%clk 1:30:41]}
dxc4 {[%clk 1:31:45]} 5. Na3 {[%clk 1:28:32]} Qd5 {[%clk 1:22:47]} 6. Qc2
{[%clk 1:25:35]} Be6 {[%clk 1:21:45]} 7. O-O {[%clk 1:24:13]} g6 {[%clk
1:21:08]} 8. h4 {[%clk 1:22:35]} h6 {[%clk 1:16:04]} 9. b3 {[%clk 1:19:47]}
cxb3 {[%clk 1:16:07]} 10. Qxb3 {[%clk 1:19:55]} Qxb3 {[%clk 1:16:25]} 11. axb3
{[%clk 1:20:20]} Nbd7 {[%clk 1:15:56]} 12. Nc4 {[%clk 1:18:58]} Bg7 {[%clk
1:15:05]} 13. d4 {[%clk 1:17:38]} O-O {[%clk 1:13:58]} 14. Bb2 {[%clk 1:12:41]}
Rfd8 {[%clk 0:55:21]} 15. Na5 {[%clk 1:04:06]} Rdc8 {[%clk 0:36:05]} 16. Rac1
{[%clk 0:55:08]} Bd5 {[%clk 0:34:32]} 17. Ne5 {[%clk 0:47:53]} Nxe5 {[%clk
0:32:39]} 18. dxe5 {[%clk 0:47:57]} Nd7 {[%clk 0:32:51]} 19. e4 {[%clk
0:40:03]} Be6 {[%clk 0:31:41]} 20. f4 {[%clk 0:40:19]} Rab8 {[%clk 0:23:42]}
21. Ba3 {[%clk 0:39:34]} f6 {[%clk 0:21:39]} 22. Bxe7 {[%clk 0:38:23]} fxe5
{[%clk 0:22:01]} 23. Bd6 {[%clk 0:37:56]} Ra8 {[%clk 0:21:56]} 24. Nxb7 {[%clk
0:30:55]} Bxb3 {[%clk 0:20:59]} 25. Bh3 {[%clk 0:31:08]} Rd8 {[%clk 0:12:46]}
26. Nxd8 {[%clk 0:28:14]} Rxd8 {[%clk 0:13:03]} 27. Bc7 {[%clk 0:24:24]} 1-0

[Event "ODJM B 2022"]
[Site "Willingen GER"]
[Date "2022.06.06"]
[Round "3"]
[White "Hoffmann, Alexander"]
[Black "Wechtenbruch, Jamie"]
[Result "1/2-1/2"]
[Termination "normal"]
[Board "3"]
[WhiteElo "1638"]
[BlackElo "1489"]
[WhiteClock "00:12:25"]
[BlackClock "00:08:41"]
[PlyCount "54"]
[WhiteFideId "16240219"]
[BlackFideId "16267737"]
[EventCountry "GER"]
[EventRounds "9"]
[EventType "swiss"]
[EventDate "2022.06.04"]

1. c4 {[%clk 1:30:57]} e5 {[%clk 1:30:26]} 2. g3 {[%clk 1:31:19]} Nc6 {[%clk
1:30:24]} 3. Nc3 {[%clk 1:31:28]} Bc5 {[%clk 1:29:58]} 4. Bg2 {[%clk 1:29:02]}
d6 {[%clk 1:28:54]} 5. e3 {[%clk 1:26:19]} Rb8 {[%clk 1:09:41]} 6. Nge2 {[%clk
1:22:27]} a6 {[%clk 0:59:52]} 7. O-O {[%clk 1:19:27]} Nge7 {[%clk 0:55:44]} 8.
d4 {[%clk 1:14:57]} exd4 {[%clk 0:53:26]} 9. exd4 {[%clk 1:09:27]} Ba7 {[%clk
0:53:07]} 10. Be3 {[%clk 1:00:51]} O-O {[%clk 0:51:46]} 11. a3 {[%clk 0:47:06]}
Re8 {[%clk 0:44:12]} 12. Nd5 {[%clk 0:40:16]} Nxd5 {[%clk 0:43:34]} 13. Bxd5
{[%clk 0:40:26]} Ne7 {[%clk 0:39:02]} 14. Bg2 {[%clk 0:37:41]} Nf5 {[%clk
0:38:37]} 15. Qd2 {[%clk 0:32:14]} Bd7 {[%clk 0:29:09]} 16. Nc3 {[%clk
0:29:13]} Nxe3 {[%clk 0:26:08]} 17. fxe3 {[%clk 0:29:25]} Be6 {[%clk 0:21:52]}
18. Bd5 {[%clk 0:25:10]} c6 {[%clk 0:21:09]} 19. Bxe6 {[%clk 0:25:10]} Rxe6
{[%clk 0:21:13]} 20. Rf3 {[%clk 0:23:11]} f6 {[%clk 0:16:20]} 21. Kg2 {[%clk
0:20:21]} Qe7 {[%clk 0:15:09]} 22. Re1 {[%clk 0:19:05]} Re8 {[%clk 0:15:22]}
23. Nd1 {[%clk 0:18:27]} Qf7 {[%clk 0:13:53]} 24. Nf2 {[%clk 0:16:37]} R6e7
{[%clk 0:12:36]} 25. b3 {[%clk 0:15:21]} Qe6 {[%clk 0:12:04]} 26. Qd3 {[%clk
0:13:03]} Qd7 {[%clk 0:11:42]} 27. h3 {[%clk 0:12:25]} Kh8 {[%clk 0:08:41]}
1/2-1/2

[Event "ODJM B 2022"]
[Site "Willingen GER"]
[Date "2022.06.06"]
[Round "3"]
[White "Masur, Maxim"]
[Black "Maul, Maik Joel"]
[Result "0-1"]
[Termination "normal"]
[Board "4"]
[WhiteElo "1428"]
[BlackElo "1532"]
[WhiteClock "00:54:42"]
[BlackClock "00:08:41"]
[PlyCount "82"]
[WhiteFideId "34606637"]
[BlackFideId "16204816"]
[EventCountry "GER"]
[EventRounds "9"]
[EventType "swiss"]
[EventDate "2022.06.04"]

1. e4 {[%clk 1:30:59]} d5 {[%clk 1:30:53]} 2. exd5 {[%clk 1:31:25]} Qxd5 {[%clk
1:31:19]} 3. Nc3 {[%clk 1:31:48]} Qa5 {[%clk 1:31:46]} 4. Bc4 {[%clk 1:32:02]}
Nc6 {[%clk 1:32:11]} 5. d3 {[%clk 1:32:17]} Nf6 {[%clk 1:32:37]} 6. f4 {[%clk
1:32:32]} Bg4 {[%clk 1:32:35]} 7. Nf3 {[%clk 1:32:55]} O-O-O {[%clk 1:32:37]}
8. h3 {[%clk 1:32:54]} Bxf3 {[%clk 1:31:22]} 9. Qxf3 {[%clk 1:32:55]} Nd4
{[%clk 1:31:28]} 10. Qf2 {[%clk 1:32:50]} e5 {[%clk 1:31:02]} 11. a3 {[%clk
1:31:11]} exf4 {[%clk 1:28:08]} 12. O-O {[%clk 1:20:05]} Bc5 {[%clk 1:24:20]}
13. Kh1 {[%clk 1:20:05]} Nb3 {[%clk 1:08:25]} 14. Qxf4 {[%clk 1:19:23]} Nxa1
{[%clk 1:07:48]} 15. b4 {[%clk 1:19:02]} Bd6 {[%clk 1:06:43]} 16. bxa5 {[%clk
1:15:58]} Bxf4 {[%clk 1:06:59]} 17. Bxf4 {[%clk 1:16:23]} Nxc2 {[%clk 1:06:53]}
18. Nb5 {[%clk 1:15:10]} Rhe8 {[%clk 0:53:35]} 19. Bxc7 {[%clk 1:13:13]} Rd7
{[%clk 0:51:40]} 20. Bg3 {[%clk 1:13:31]} Ne3 {[%clk 0:48:25]} 21. Nxa7+ {[%clk
1:11:52]} Kd8 {[%clk 0:48:11]} 22. Rc1 {[%clk 1:10:48]} Nxc4 {[%clk 0:45:28]}
23. dxc4 {[%clk 1:09:11]} Ne4 {[%clk 0:43:24]} 24. Bh4+ {[%clk 1:08:11]} f6
{[%clk 0:42:37]} 25. c5 {[%clk 1:08:33]} Rc7 {[%clk 0:38:08]} 26. c6 {[%clk
1:04:41]} bxc6 {[%clk 0:35:08]} 27. Rd1+ {[%clk 0:59:47]} Ke7 {[%clk 0:34:25]}
28. Nxc6+ {[%clk 0:58:39]} Rxc6 {[%clk 0:34:08]} 29. Be1 {[%clk 0:59:01]} Ra8
{[%clk 0:28:17]} 30. Bb4+ {[%clk 0:59:15]} Ke6 {[%clk 0:27:59]} 31. Kh2 {[%clk
0:58:54]} Nd6 {[%clk 0:27:37]} 32. Re1+ {[%clk 0:58:24]} Kf7 {[%clk 0:27:29]}
33. Rd1 {[%clk 0:58:33]} Nc4 {[%clk 0:27:23]} 34. Rd7+ {[%clk 0:57:59]} Kg6
{[%clk 0:26:54]} 35. h4 {[%clk 0:58:16]} h5 {[%clk 0:26:16]} 36. g4 {[%clk
0:58:16]} hxg4 {[%clk 0:26:30]} 37. h5+ {[%clk 0:58:13]} Kxh5 {[%clk 0:26:34]}
38. Rxg7 {[%clk 0:58:37]} Ne3 {[%clk 0:24:18]} 39. Rd7 {[%clk 0:55:07]} Rh8
{[%clk 0:20:10]} 40. Kg3 {[%clk 0:55:22]} Kg6 {[%clk 0:08:41]} 41. Rd3 {[%clk
0:54:42]} Rh3+ 0-1

[Event "ODJM B 2022"]
[Site "Willingen GER"]
[Date "2022.06.06"]
[Round "3"]
[White "Stülcken, Philipp"]
[Black "Kieselbach, Marvin"]
[Result "1/2-1/2"]
[Termination "normal"]
[Board "5"]
[WhiteElo "1513"]
[BlackElo "1662"]
[WhiteClock "00:02:22"]
[BlackClock "00:03:37"]
[PlyCount "78"]
[WhiteFideId "12986232"]
[BlackFideId "16235770"]
[EventCountry "GER"]
[EventRounds "9"]
[EventType "swiss"]
[EventDate "2022.06.04"]

1. Nf3 {[%clk 1:30:51]} Nf6 {[%clk 1:30:52]} 2. c4 {[%clk 1:31:00]} c5 {[%clk
1:31:17]} 3. e3 {[%clk 1:30:37]} Nc6 {[%clk 1:31:30]} 4. Nc3 {[%clk 1:30:41]}
d5 {[%clk 1:27:39]} 5. cxd5 {[%clk 1:25:48]} Nxd5 {[%clk 1:28:00]} 6. d4 {[%clk
1:25:23]} Bg4 {[%clk 1:20:35]} 7. Be2 {[%clk 1:09:23]} cxd4 {[%clk 1:18:56]} 8.
Nxd4 {[%clk 1:03:55]} Nxc3 {[%clk 1:13:01]} 9. bxc3 {[%clk 1:02:09]} Bxe2
{[%clk 1:11:14]} 10. Qxe2 {[%clk 1:02:07]} Rc8 {[%clk 1:01:26]} 11. Qb2 {[%clk
0:49:14]} Nxd4 {[%clk 0:55:34]} 12. cxd4 {[%clk 0:47:14]} Qd5 {[%clk 0:55:50]}
13. O-O {[%clk 0:47:03]} e6 {[%clk 0:53:49]} 14. Rb1 {[%clk 0:45:08]} b6 {[%clk
0:48:08]} 15. Bd2 {[%clk 0:41:00]} Bd6 {[%clk 0:41:09]} 16. Rfc1 {[%clk
0:39:58]} O-O {[%clk 0:41:00]} 17. a4 {[%clk 0:37:59]} Rc4 {[%clk 0:33:59]} 18.
Qb5 {[%clk 0:34:58]} Rfc8 {[%clk 0:27:48]} 19. Rxc4 {[%clk 0:19:50]} Qxc4
{[%clk 0:25:42]} 20. Qxc4 {[%clk 0:17:14]} Rxc4 {[%clk 0:26:02]} 21. a5 {[%clk
0:17:31]} Rc2 {[%clk 0:24:27]} 22. axb6 {[%clk 0:14:51]} axb6 {[%clk 0:24:28]}
23. Be1 {[%clk 0:14:49]} Rc6 {[%clk 0:16:45]} 24. Kf1 {[%clk 0:09:55]} Kf8
{[%clk 0:15:19]} 25. h3 {[%clk 0:07:55]} Ke7 {[%clk 0:14:50]} 26. Ke2 {[%clk
0:08:14]} f5 {[%clk 0:13:33]} 27. Kd3 {[%clk 0:08:13]} e5 {[%clk 0:11:49]} 28.
d5 {[%clk 0:04:29]} Rc5 {[%clk 0:08:42]} 29. Rxb6 {[%clk 0:04:29]} Rxd5+ {[%clk
0:09:03]} 30. Ke2 {[%clk 0:04:09]} Bc5 {[%clk 0:05:51]} 31. Bb4 {[%clk
0:03:06]} Bxb4 {[%clk 0:05:25]} 32. Rxb4 {[%clk 0:03:30]} e4 {[%clk 0:05:20]}
33. f3 {[%clk 0:02:34]} Re5 {[%clk 0:03:59]} 34. f4 {[%clk 0:02:01]} Ra5 {[%clk
0:03:12]} 35. Rb7+ {[%clk 0:02:06]} Kf6 {[%clk 0:03:31]} 36. Rb6+ {[%clk
0:02:23]} Kf7 {[%clk 0:03:51]} 37. Rb7+ {[%clk 0:02:46]} Kg6 {[%clk 0:03:54]}
38. Kf2 {[%clk 0:02:25]} Ra2+ {[%clk 0:03:37]} 39. Kf1 {[%clk 0:02:22]} h5
1/2-1/2

[Event "ODJM B 2022"]
[Site "Willingen GER"]
[Date "2022.06.06"]
[Round "3"]
[White "John, Niklas"]
[Black "Krömer, Emanuel"]
[Result "1-0"]
[Termination "normal"]
[Board "6"]
[WhiteElo "1563"]
[BlackElo "1415"]
[WhiteClock "00:10:46"]
[BlackClock "00:15:45"]
[PlyCount "47"]
[WhiteFideId "16234626"]
[BlackFideId "16287070"]
[EventCountry "GER"]
[EventRounds "9"]
[EventType "swiss"]
[EventDate "2022.06.04"]

1. e4 {[%clk 1:30:56]} d5 {[%clk 1:30:58]} 2. exd5 {[%clk 1:31:17]} Qxd5 {[%clk
1:31:24]} 3. Nc3 {[%clk 1:31:33]} Qa5 {[%clk 1:31:51]} 4. d4 {[%clk 1:31:28]}
Nf6 {[%clk 1:32:16]} 5. Bd2 {[%clk 1:31:39]} Bg4 {[%clk 1:32:36]} 6. f3 {[%clk
1:31:43]} Bd7 {[%clk 1:32:58]} 7. Bc4 {[%clk 1:31:19]} Qb6 {[%clk 1:32:32]} 8.
Nge2 {[%clk 1:30:00]} e6 {[%clk 1:31:40]} 9. Ne4 {[%clk 1:13:57]} Be7 {[%clk
1:25:15]} 10. Nxf6+ {[%clk 1:05:05]} Bxf6 {[%clk 1:24:31]} 11. c3 {[%clk
1:03:57]} O-O {[%clk 1:21:36]} 12. Ng3 {[%clk 1:00:51]} c5 {[%clk 1:07:31]} 13.
dxc5 {[%clk 0:56:17]} Qxc5 {[%clk 1:07:38]} 14. Bd3 {[%clk 0:55:08]} Bh4 {[%clk
1:00:45]} 15. Qe2 {[%clk 0:49:38]} f5 {[%clk 0:48:45]} 16. O-O-O {[%clk
0:47:03]} Nc6 {[%clk 0:37:44]} 17. Kb1 {[%clk 0:38:49]} Ne5 {[%clk 0:34:42]}
18. Be3 {[%clk 0:37:58]} Qc6 {[%clk 0:32:47]} 19. Bd4 {[%clk 0:30:36]} Nxd3
{[%clk 0:31:02]} 20. Rxd3 {[%clk 0:28:28]} a5 {[%clk 0:25:46]} 21. Nh5 {[%clk
0:23:17]} g6 {[%clk 0:16:59]} 22. Qe5 {[%clk 0:19:57]} Kf7 {[%clk 0:15:47]} 23.
Qg7+ {[%clk 0:19:13]} Ke8 {[%clk 0:15:45]} 24. Bc5 {[%clk 0:10:46]} 1-0

[Event "ODJM B 2022"]
[Site "Willingen GER"]
[Date "2022.06.06"]
[Round "3"]
[White "Brunner, Alexander"]
[Black "Türel, Tugrul"]
[Result "0-1"]
[Termination "normal"]
[Board "7"]
[WhiteElo "1666"]
[BlackElo "1206"]
[WhiteClock "00:31:33"]
[BlackClock "00:24:27"]
[PlyCount "67"]
[WhiteFideId "12965278"]
[BlackFideId "26338408"]
[EventCountry "GER"]
[EventRounds "9"]
[EventType "swiss"]
[EventDate "2022.06.04"]

1. d4 {[%clk 1:30:58]} d5 {[%clk 1:30:55]} 2. Nc3 {[%clk 1:31:23]} Nf6 {[%clk
1:31:13]} 3. Bf4 {[%clk 1:31:45]} c5 {[%clk 1:31:35]} 4. e3 {[%clk 1:31:45]}
cxd4 {[%clk 1:31:57]} 5. exd4 {[%clk 1:31:57]} a6 {[%clk 1:32:22]} 6. Nf3
{[%clk 1:31:37]} Nc6 {[%clk 1:32:45]} 7. Ne5 {[%clk 1:31:39]} e6 {[%clk
1:33:02]} 8. Be2 {[%clk 1:29:36]} Bd6 {[%clk 1:33:21]} 9. Qd2 {[%clk 1:29:28]}
Qc7 {[%clk 1:31:35]} 10. Qe3 {[%clk 1:27:30]} Bxe5 {[%clk 1:13:48]} 11. Bxe5
{[%clk 1:21:55]} Nxe5 {[%clk 1:13:30]} 12. dxe5 {[%clk 1:22:09]} Nd7 {[%clk
1:13:53]} 13. f4 {[%clk 1:22:21]} b5 {[%clk 1:13:55]} 14. a3 {[%clk 1:18:01]}
Bb7 {[%clk 1:12:49]} 15. O-O-O {[%clk 1:16:38]} O-O-O {[%clk 1:09:22]} 16. Bxb5
{[%clk 1:13:34]} Nb6 {[%clk 0:59:28]} 17. Be2 {[%clk 1:08:26]} Kb8 {[%clk
0:58:27]} 18. Rd2 {[%clk 1:07:30]} Qc6 {[%clk 0:46:10]} 19. Rhd1 {[%clk
1:02:22]} Rd7 {[%clk 0:44:49]} 20. g4 {[%clk 1:00:10]} g6 {[%clk 0:44:10]} 21.
Na2 {[%clk 0:56:02]} Nc4 {[%clk 0:34:44]} 22. Bxc4 {[%clk 0:55:38]} Qxc4 {[%clk
0:35:12]} 23. Nc3 {[%clk 0:54:49]} Rc8 {[%clk 0:34:53]} 24. Rd4 {[%clk
0:51:44]} Qc5 {[%clk 0:34:37]} 25. Qd3 {[%clk 0:49:33]} Rdc7 {[%clk 0:32:25]}
26. Rd2 {[%clk 0:49:06]} Qe7 {[%clk 0:31:56]} 27. Rb4 {[%clk 0:43:52]} Rc4
{[%clk 0:30:27]} 28. Rxc4 {[%clk 0:42:57]} Rxc4 {[%clk 0:30:54]} 29. Qe3 {[%clk
0:42:43]} g5 {[%clk 0:25:49]} 30. Rd4 {[%clk 0:40:39]} Qc5 {[%clk 0:25:34]} 31.
Ne2 {[%clk 0:32:16]} Rxc2+ {[%clk 0:24:09]} 32. Kb1 {[%clk 0:32:36]} Rxe2
{[%clk 0:23:59]} 33. Qxe2 {[%clk 0:31:25]} Qxd4 {[%clk 0:24:27]} 34. fxg5
{[%clk 0:31:33]} 0-1

[Event "ODJM B 2022"]
[Site "Willingen GER"]
[Date "2022.06.06"]
[Round "3"]
[White "Andrade, Ruben"]
[Black "Laux, Filip"]
[Result "1-0"]
[Termination "normal"]
[Board "8"]
[WhiteElo "1694"]
[BlackElo "1395"]
[WhiteClock "00:15:09"]
[BlackClock "00:37:50"]
[PlyCount "92"]
[WhiteFideId "16246829"]
[BlackFideId "16275730"]
[EventCountry "GER"]
[EventRounds "9"]
[EventType "swiss"]
[EventDate "2022.06.04"]

1. e4 {[%clk 1:30:58]} c6 {[%clk 1:30:43]} 2. d4 {[%clk 1:31:23]} d5 {[%clk
1:31:00]} 3. e5 {[%clk 1:31:49]} Bf5 {[%clk 1:31:10]} 4. Nf3 {[%clk 1:32:11]}
e6 {[%clk 1:31:14]} 5. Be2 {[%clk 1:32:36]} c5 {[%clk 1:30:52]} 6. c4 {[%clk
1:32:05]} Nc6 {[%clk 1:23:28]} 7. Be3 {[%clk 1:15:07]} cxd4 {[%clk 1:14:51]} 8.
Nxd4 {[%clk 1:15:23]} Nxd4 {[%clk 1:09:55]} 9. Bxd4 {[%clk 1:10:31]} Qa5+
{[%clk 1:06:35]} 10. Nc3 {[%clk 1:07:26]} Ne7 {[%clk 1:04:57]} 11. cxd5 {[%clk
0:58:43]} exd5 {[%clk 1:02:33]} 12. Bb5+ {[%clk 0:52:24]} Nc6 {[%clk 1:01:46]}
13. O-O {[%clk 0:51:17]} a6 {[%clk 0:59:00]} 14. Nxd5 {[%clk 0:48:26]} Rc8
{[%clk 0:45:11]} 15. Bxc6+ {[%clk 0:42:49]} Rxc6 {[%clk 0:43:02]} 16. Bc3
{[%clk 0:32:23]} Qb5 {[%clk 0:39:49]} 17. Qf3 {[%clk 0:22:28]} Be6 {[%clk
0:38:17]} 18. Nf4 {[%clk 0:20:02]} Bc5 {[%clk 0:36:16]} 19. Nxe6 {[%clk
0:19:08]} Rxe6 {[%clk 0:36:42]} 20. a4 {[%clk 0:17:31]} Qb6 {[%clk 0:36:24]}
21. Rad1 {[%clk 0:16:14]} Qc7 {[%clk 0:35:18]} 22. Qd5 {[%clk 0:15:22]} O-O
{[%clk 0:32:55]} 23. Kh1 {[%clk 0:14:11]} Rfe8 {[%clk 0:31:39]} 24. f4 {[%clk
0:13:36]} Bb6 {[%clk 0:25:23]} 25. f5 {[%clk 0:10:33]} Rh6 {[%clk 0:25:27]} 26.
Qd7 {[%clk 0:07:51]} Re7 {[%clk 0:23:07]} 27. Qd5 {[%clk 0:06:49]} Re8 {[%clk
0:21:07]} 28. a5 {[%clk 0:06:31]} Be3 {[%clk 0:20:13]} 29. Rd3 {[%clk 0:04:58]}
Bg5 {[%clk 0:20:06]} 30. Qd7 {[%clk 0:03:22]} Qb8 {[%clk 0:19:58]} 31. Rfd1
{[%clk 0:02:42]} Be7 {[%clk 0:19:01]} 32. h3 {[%clk 0:02:06]} Rc6 {[%clk
0:18:23]} 33. Qd4 {[%clk 0:00:48]} h6 {[%clk 0:17:46]} 34. Qg4 {[%clk 0:01:05]}
Qc8 {[%clk 0:16:46]} 35. Rd7 {[%clk 0:00:37]} Rc4 {[%clk 0:16:08]} 36. Qg3
{[%clk 0:00:35]} Bh4 {[%clk 0:14:50]} 37. Qd3 {[%clk 0:00:45]} Be7 {[%clk
0:14:44]} 38. f6 {[%clk 0:00:41]} Bf8 {[%clk 0:14:18]} 39. Qd5 {[%clk 0:00:58]}
Re6 {[%clk 0:13:31]} 40. Rxb7 {[%clk 0:00:38]} Rc7 {[%clk 0:13:10]} 41. Rxc7
{[%clk 0:27:31]} Qxc7 {[%clk 0:41:33]} 42. Qf3 {[%clk 0:23:07]} g6 {[%clk
0:41:00]} 43. Rd3 {[%clk 0:18:38]} Rc6 {[%clk 0:40:23]} 44. Qd1 {[%clk
0:17:06]} Re6 {[%clk 0:38:37]} 45. Rd8 {[%clk 0:16:19]} Qc6 {[%clk 0:37:54]}
46. Qd5 {[%clk 0:15:09]} Qc7 {[%clk 0:37:50]} 1-0